Countries where slavery still exists - Statistics

General Stats
  • This quiz has been taken 221 times
    117 since last reset
  • The average score is 3 of 6
Answer Stats
Country % Correct
North Korea
64%
India
63%
China
59%
Mauritania
49%
Libya
34%
Uzbekistan
15%
No matching quizzes found
Score Distribution
Percent of People with Each Score
Percentile by Number Answered
Your Score History
You have not taken this quiz since the last reset